| 000 | 00784cam a2200193 a 4500 | ||
|---|---|---|---|
| 020 | _a9789252057840 | ||
| 040 | _cDLC | ||
| 082 | _a636 ROM 2010 C323 Or. | ||
| 245 | 1 | 0 |
_aStrengthening capacity for climate change adaptation in the agriculture sector in Ethiopia : _bproceedings from national workshop held in Nazreth, Ethiopia, 5-6 July 2010 / |
| 260 |
_aRome, Italy : _bFAO, _cc2011. |
||
| 300 |
_axiv, 138 p. : _bcol. ill., maps ; _c30 cm. |
||
| 490 | 0 | _aEnvironment and natural resources management working paper ; | |
| 650 | 0 | _aAgriculture | |
| 650 | 0 | _aClimatic changes | |
| 710 | 2 | _aFood and Agriculture Organization of the United Nations. | |
| 710 | 2 | _aClimate Change Forum-Ethiopia. | |
| 856 | 4 | 1 | _uhttp://www.loc.gov/catdir/toc/fy13pdf02/2012311037.html |
| 942 | _cAEDBB | ||
| 999 |
_c20249 _d20249 |
||